000 00260nam a2200109Ia 4500
008 220216s9999 xx 000 0 und d
100 _aJohn Alice
245 0 _aKrishi vikasanathinnum pariseelanangal
260 _bRubber
_c2010
300 _a15-17
942 _cJS
999 _c61890
_d61890